000 00490ntaaa2200193 4500
003 01
005 20251027202759.0
008 0714s1973 ag 01
020 _a0573040028
040 _aAR-BaBN
_bspa
_cAR-BaBN
_eaacr
_dRIC
082 _a822.9140 P65c
100 _aPinter, Harold
_928071
245 _aThe caretaker
250 _a1 ed.
260 _aLondon :
_bSamuel French,
_c1960
300 _a51 p ;
_c21,5 cm
500 _aContiene indicaciones para la presentación
942 _cBK
999 _c23144
_d23144